Métodos de investigación educativa

La obra de J. D. Nisbet, profesor en la Universidad de Aberdeen y de N. J. Entwistle, de la Universidad de Lancaster, trata de una manera práctica y directa de los aspectos no propiamente estadísticos del método experimental. Métodos de investigación educativa incluye capítulos sobre experimentos y...

Full description

Bibliographic Details
Main Author: Nisbet, John Donald
Other Authors: Entwistle, Noel James
Format: Libro
Language:Spanish
Published: Barcelona: Oikos-tau, 1980.
Series:Ciencias de la educación ; Investigación educativa
Subjects:
Online Access:

MARC

LEADER 00000cam a2200000 a 4500
001 014755
003 UAHC_CL
005 20180829165614.0
008 091023s1980 sp 000 spa
952 |0 0  |1 0  |2 ddc  |4 0  |6 370_000000000000000_NIS  |7 0  |8 COMP  |9 90484  |a BC  |b BC  |c General  |d 2018-08-24  |e Compra: Buscalibre  |g 18975.00  |o 370 NIS  |p 1461209  |r 2026-01-13 00:00:00  |t c.1  |v 18975.00  |w 2018-08-24  |x OC: 2120 / F: 139065  |y BK  |B PBAS 
952 |0 0  |1 0  |2 ddc  |4 0  |6 370_000000000000000_NIS  |7 0  |8 COMP  |9 90485  |a BC  |b BC  |c General  |d 2018-08-24  |e Compra: Buscalibre  |g 18975.00  |o 370 NIS  |p 1461210  |r 2026-01-13 00:00:00  |t c.2  |v 18975.00  |w 2018-08-24  |x OC: 2120 / F: 139065  |y BK  |B PBAS 
999 |c 51042  |d 51042 
020 |a 8428104344 
035 |a PEDAGOGIA 
040 |a UAHC_CL  |c UAHC_CL  |d UAHC_CL 
082 0 4 |a 370  |b N723  |2 20 
100 |a Nisbet, John Donald  |9 4589 
245 1 0 |a Métodos de investigación educativa  |c Louis Cohen, Lawrence Manion. 
260 |a Barcelona:  |b Oikos-tau,  |c 1980. 
300 |a 227 p. 
440 |9 4590  |a Ciencias de la educación  |v ; Investigación educativa 
520 |a La obra de J. D. Nisbet, profesor en la Universidad de Aberdeen y de N. J. Entwistle, de la Universidad de Lancaster, trata de una manera práctica y directa de los aspectos no propiamente estadísticos del método experimental. Métodos de investigación educativa incluye capítulos sobre experimentos y estudios, planificación de la investigación, muestreo, entrevista, cuestionarios, proceso de datos, factores del medio, aptitudes y expectativas, pensamiento divergente y creatividad. evaluación de la personalidad, medida de las actitudes, observación y estudio de casos, desarrollo curricular, interpretación de los resultados, informes escritos, etc. Es un libro que va dirigido, preferentemente, a los investigadores y a los estudiantes de Ciencias de la Educación que van a tener que desarrollar proyectos de investigación actualizados 
650 0 |9 171  |a Investigación educativa 
700 |a Entwistle, Noel James  |9 4591 
942 |c BK  |2 ddc